000 00439nam a2200181Ia 4500
005 20230405094004.0
008 131103s9999 xx 000 0 und d
040 _aLoreto College
041 _aEnglish
082 _a822.91
_bWES
100 _aWesker, Arnold
245 4 _aThe wesker trilogy
_cArnold Wesker
260 _aLondon
_bPenguin books
_c1969
300 _a217p.
650 _aEnglish drama
850 _aLCLIB
942 _cBK
999 _c22243
_d72722